000 00737nam a2200205Ia 4500
001 9792
003 GE_BSU
008 181216s||||||||xx |||||||||||||| ||und||
040 _cGE_BSU
080 _a821.353.1–1+821.353.1-11
100 _aნონეშვილი,იოსებ
245 _aერთტომეული:ლექსები,პოემები
245 _cრედ.გ.ხუხაშვილი.მხატვ.გ.გორდელაძე
260 _aთბილისი
260 _bსახელგამი
260 _c1954
300 _a370გვ.1ფ.პორტრ.20სმ.
653 _aერთტომეული:ლექსები,პოემები
942 _cBK
999 _c43072
_d43072